Sabrina Carpenter - Singular Act I - Statistics

General Stats
  • This quiz has been taken 42 times
    20 since last reset
  • The average score is 8 of 10
Answer Stats
2018 Singular Act I % Correct
2 Paris
100%
1 Almost Love
92%
8 Diamonds Are Forever
92%
3 Hold Tight (feat.UHMEER)
92%
7 Mona Lisa
92%
5 prfct
92%
4 Sue Me
85%
6 Bad Time
77%
9 Alien (with Jonas Blue)
62%
10 Why
54%
No matching quizzes found
Score Distribution
Percent of People with Each Score
Percentile by Number Answered
Your Score History
You have not taken this quiz since the last reset